Sports Quiz

Random Sports or Tennis Quiz
Score 0/18 Timer 05:00
14 Plays Today
Letter Champions % Correct
WWawrinka, Wilander, Wade, Williams, Williams
94.8%
NNăstase, Newcombe, Nadal, Navratilova
92.2%
SSmith, Sampras, Safin, Sabatini, Seles, Sharapova, Stosur, Sánchez-Vicario, Stephens
91.8%
AAshe, Agassi, Austin, Andreescu
91.7%
FFederer
87.2%
MMcEnroe, Murray, Mandlíková
85.7%
DDjokovic, del Potro, Davenport
85.2%
CConnors, Čilić, Court, Clijsters
78.7%
LLaver, Lendl
72.8%
Letter Champions % Correct
HHewitt, Hingis, Henin
72.5%
EEdberg, Evert
70.1%
BBecker
68%
GGraf
62.4%
RRosewall, Rafter, Roddick
61.1%
KKerber, King, Kuznetsova
56.5%
VVilas
31.1%
OOrantes, Osaka
20.7%
PPennetta
12.9%

You're not logged in!

Compare scores with friends on all Sporcle quizzes.
OR
Log In

Sporcle TV

Today on Sporcle TV


Watch our educational content, quiz creation guides, and fun videos on Sporcle TV.

Show Comments

Extras

Top Quizzes Today


Score Distribution

Your Account Isn't Verified!

In order to create a playlist on Sporcle, you need to verify the email address you used during registration. Go to your Sporcle Settings to finish the process.

Report this User

Report this user for behavior that violates our Community Guidelines.

Details: